Normal view
MARC view
- Mendozzi
Entry Personal Name
001 - CONTROL NUMBER
- control field: 5192
003 - CONTROL NUMBER IDENTIFIER
- control field: IT-RoPau
005 - DATE AND TIME OF LATEST TRANSACTION
- control field: 20131214155229.0
008 - FIXED-LENGTH DATA ELEMENTS
- fixed length control field: 131214|| aca||aabn | a|a d
040 ## - CATALOGING SOURCE
- Original cataloging agency: IT-RoPau
- Transcribing agency: IT-RoPau
100 ## - HEADING--PERSONAL NAME
- Personal name: Mendozzi
- Miscellaneous information: Codice autore SPICS: 24614
- Relator term: Autore
- Name of part/section of a work: Il mare in settembre
670 ## - SOURCE DATA FOUND
- Source citation: Work cat.: (IT-RoPau)102396: AA.VV. 794, Caleidoscopio musicale (Lp Hit 30.222)